Statystyki dla Kierowcy F1 2003

Kliknij tutaj aby rozwiązać quiz!

Ogólne statystyki

  • Ten quiz został rozwiązany 21 razy
  • Średni wynik to 14 z 25

Statystyki odpowiedzi

ZespółKierowca% Poprawnych
Fernando Alonso
100%
Scuderia Ferrari MarlboroMichael Schumacher
100%
Ralf Schumacher
100%
Kimi Raikkonen
87%
HSBC Jaguar RacingMark Webber
80%
Rubens Barrichello
80%
Mild Seven Renault F1 TeamJarno Trulli
73%
Jenson Button
73%
BMW WilliamsF1 TeamJuan Pablo Montoya
73%
West McLaren MercedesDavid Coulthard
67%
Sauber PetronasNick Heidfeld
67%
Benson & Hedges Jordan FordGiancarlo Fisichella
53%
Lucky Strike BAR HondaJacques Villeneuve
53%
Panasonic Toyota RacingOlivier Panis
47%
Takuma Sato
47%
Cristiano da Matta
40%
Heinz-Harald Frentzen
33%
Jos Verstappen
33%
Justin Wilson
33%
Trust Minardi CosworthJustin Wilson
33%
Antonio Pizzonia
27%
Ralph Firman
27%
Marc Gene
20%
Nicolas Kiesa
20%
Zsolt Baumgartner
20%

Rozkład punktacji

Percentyl według liczby udzielonych odpowiedzi

Procent ludzi z każdym wynikiem

Twoja historia wyników

Nie rozwiązałeś tego quizu